<?xml version="1.0" encoding="UTF-8"?>
<record
    xmlns:xsi="http://www.w3.org/2001/XMLSchema-instance"
    xsi:schemaLocation="http://www.loc.gov/MARC21/slim http://www.loc.gov/standards/marcxml/schema/MARC21slim.xsd"
    xmlns="http://www.loc.gov/MARC21/slim">

  <leader>02126nam a2200301 a 4500</leader>
  <controlfield tag="001">000047576</controlfield>
  <controlfield tag="003">DO-SdBNP</controlfield>
  <controlfield tag="005">20230505130415.0</controlfield>
  <controlfield tag="008">090709r2004 dr ac 000 0d spa d</controlfield>
  <datafield tag="020" ind1=" " ind2=" ">
    <subfield code="a">9993461628</subfield>
  </datafield>
  <datafield tag="040" ind1=" " ind2=" ">
    <subfield code="a">BPMSU </subfield>
    <subfield code="b">spa</subfield>
    <subfield code="c">BPMSU </subfield>
  </datafield>
  <datafield tag="082" ind1=" " ind2="4">
    <subfield code="a">923.17293 </subfield>
    <subfield code="b">T866G, 2004</subfield>
    <subfield code="2">22</subfield>
  </datafield>
  <datafield tag="100" ind1="1" ind2=" ">
    <subfield code="a">G&#xF3;mez, Jos&#xE9; Miguel</subfield>
  </datafield>
  <datafield tag="245" ind1="1" ind2="0">
    <subfield code="a">Trujillo visto por un psiquiatra /</subfield>
    <subfield code="c">Jos&#xE9; Miguel G&#xF3;mez.</subfield>
  </datafield>
  <datafield tag="250" ind1=" " ind2=" ">
    <subfield code="a">2a ed.</subfield>
  </datafield>
  <datafield tag="260" ind1=" " ind2=" ">
    <subfield code="a">Santo Domingo :</subfield>
    <subfield code="b">B&#xFA;ho,</subfield>
    <subfield code="c">2004</subfield>
  </datafield>
  <datafield tag="300" ind1=" " ind2=" ">
    <subfield code="a">239 p. :</subfield>
    <subfield code="b">il., retrs. ;</subfield>
    <subfield code="c">24 cm.</subfield>
  </datafield>
  <datafield tag="490" ind1="0" ind2=" ">
    <subfield code="a">Biblioteca Jos&#xE9; Miguel G&#xF3;mez ;</subfield>
  </datafield>
  <datafield tag="500" ind1=" " ind2=" ">
    <subfield code="3">Incluye datos biogr&#xE1;ficos del autor en la solapa de la cubierta </subfield>
  </datafield>
  <datafield tag="504" ind1=" " ind2=" ">
    <subfield code="a">Bibliograf&#xED;a: p. 235-241</subfield>
  </datafield>
  <datafield tag="505" ind1="0" ind2=" ">
    <subfield code="a">Pr&#xF3;logo 11 -- Din&#xE1;mica familiar de los abuelos de Rafael Leonidas Trujillo Molina 17 -- Caracter&#xED;sticas de la din&#xE1;mica familiar de los padres de Rafael Leonidas Trujillo 25 -- Legado biopsicosocial de la familia parental de Rafael Leonidas Trujillo 33 -- V&#xED;nculos y rivalidades de los Trujillo Molina 39 -- Conducta psicosocial de los hermanos Trujillo 49 -- Genograma 57 -- Trujillo : su desarrollo infanto-adolescente 63 -- La adultez temprana de Rafael Leonidas Trujillo 77 -- La sexualidad del macho Trujillo 83 -- Trujillo : sus parejas 103 -- Perfil de la personalidad de Trujillo 115 -- Antecedentes psicopatol&#xF3;gicos de Trujillo 125 -- Conductas f&#xF3;bicas de Trujillo Molina 151 -- Trastorno antisocial de la personalidad de Rafael Leonidas Trujillo Molina 157 -- Trampas de la personalidad de Trujillo 165 -- V&#xED;ctima de su propio talento 179 -- Trujillo y su rigidez para adaptarse a nuevas circunstancias 183 -- Las relaciones interpersonales de Trujillo 189 -- Legado psicosocial y cultural del modelo trujillista 201 -- Paranoia : circunstancias y estresores psicosociales 219 -- Trujillo visto por un psiquiatra 227 -- Bibliograf&#xED;a 233</subfield>
  </datafield>
  <datafield tag="590" ind1=" " ind2=" ">
    <subfield code="a">Inventariado, 2022/VM</subfield>
  </datafield>
  <datafield tag="600" ind1="1" ind2="4">
    <subfield code="a">Trujillo Molina, Rafael Le&#xF3;nidas, </subfield>
    <subfield code="d">1891-1961</subfield>
    <subfield code="x">Personalidad </subfield>
  </datafield>
  <datafield tag="650" ind1=" " ind2="4">
    <subfield code="a">Personalidad</subfield>
    <subfield code="x"> Aspectos psicol&#xF3;gicos.</subfield>
  </datafield>
  <datafield tag="650" ind1=" " ind2="4">
    <subfield code="a">Psiquiatr&#xED;a.</subfield>
  </datafield>
  <datafield tag="910" ind1=" " ind2=" ">
    <subfield code="a">VMateo V. Control de calidad (BPMSU)</subfield>
  </datafield>
  <datafield tag="942" ind1=" " ind2=" ">
    <subfield code="2">ddc</subfield>
    <subfield code="c">BK</subfield>
  </datafield>
  <datafield tag="952" ind1=" " ind2=" ">
    <subfield code="0">0</subfield>
    <subfield code="1">0</subfield>
    <subfield code="2">ddc</subfield>
    <subfield code="4">0</subfield>
    <subfield code="7">0</subfield>
    <subfield code="8">CD</subfield>
    <subfield code="a">BPMET</subfield>
    <subfield code="b">BPMET</subfield>
    <subfield code="d">2023-05-05</subfield>
    <subfield code="l">0</subfield>
    <subfield code="o">BPMSU CD 923.17293 T866G 2004</subfield>
    <subfield code="p">BPMSU23050008</subfield>
    <subfield code="r">2023-05-05</subfield>
    <subfield code="w">2023-05-05</subfield>
    <subfield code="y">BK</subfield>
  </datafield>
  <datafield tag="999" ind1=" " ind2=" ">
    <subfield code="c">14212</subfield>
    <subfield code="d">14212</subfield>
  </datafield>
</record>
